Statistics for Scrambled countries - Europe

Click here to take the quiz!

General Stats

  • This quiz has been taken 33 times
  • The average score is 34 of 49

Answer Stats

HintAnswer% Correct
painsSpain
96%
ok ovosKosovo
92%
or yawnNorway
92%
ab lianaAlbania
88%
ratio caCroatia
88%
cafe rnFrance
88%
pond laPoland
88%
tailyItaly
83%
headbangers onion zivaBosnia and Herzegovina
79%
ramen gyGermany
79%
i candleIceland
79%
tamalMalta
79%
true kyTurkey
79%
urine kaUkraine
79%
k mounting diedUnited Kingdom
79%
nd finalFinland
75%
moon caMonaco
75%
us airsRussia
75%
weeds nSweden
75%
islander wtzSwitzerland
75%
marked nDenmark
71%
stone iaEstonia
71%
eger ceGreece
71%
a vitalLatvia
71%
patrol ugPortugal
71%
aliens voSlovenia
71%
burial gaBulgaria
67%
hang ryuHungary
67%
u grumble xoLuxembourg
67%
modal ovMoldova
67%
rabiesSerbia
67%
no radarAndorra
63%
u tiarasAustria
63%
im bulgeBelgium
63%
sprucyCyprus
63%
denial rIreland
63%
i until ahaLithuania
63%
slathered nnNetherlands
63%
koalas viSlovakia
63%
zi cacheCzechia
58%
ogre giaGeorgia
58%
o airmanRomania
58%
activity canVatican City
58%
remote nognMontenegro
54%
airman eArmenia
46%
i abuserBelarus
46%
ironman saSan Marino
46%
denominator hacNorth Macedonia
33%
intestine lechLiechenstein
8%

Score Distribution

Percentile by Number Answered

Percent of People with Each Score

Your Score History

You have not taken this quiz